| 000 | 00465nam a22001937a 4500 | ||
|---|---|---|---|
| 003 | MPLRDC | ||
| 005 | 20220104193422.0 | ||
| 008 | 210129b ||||| |||| 00| 0 eng d | ||
| 020 | _a978-986-6191-44-2 | ||
| 082 | _a215.6 YBQ | ||
| 100 | _a奕保群 | ||
| 245 |
_a百鬼夜宴 _c |
||
| 250 | _a初版二刷 | ||
| 260 |
_a台湾 _b柿子文化事业有限公司 _c2013 |
||
| 300 | _b平 | ||
| 490 | _aMYSTERY: 7 | ||
| 650 | _a鬼神 | ||
| 942 |
_cBK _o215.6 YBQ |
||
| 999 |
_c65185 _d65175 |
||